Online
Catalog

Tras las huellas de la Cooperación Europea en la República Dominicana : (Record no. 49299)

MARC details
000 -CABECERA
campo de control de longitud fija 01693nam a2200373 i 4500
003 - IDENTIFICADOR DEL NÚMERO DE CONTROL
campo de control DO-SdBNP
005 - FECHA Y HORA DE LA ÚLTIMA TRANSACCIÓN
campo de control 20260409210342.0
007 - CAMPO FIJO DE DESCRIPCIÓN FÍSICA--INFORMACIÓN GENERAL
campo de control de longitud fija ta
008 - DATOS DE LONGITUD FIJA--INFORMACIÓN GENERAL
campo de control de longitud fija 201106b2020 dr spa
020 ## - NÚMERO INTERNACIONAL ESTÁNDAR DEL LIBRO
Número Internacional Estándar del Libro
040 ## - FUENTE DE LA CATALOGACIÓN
Centro catalogador/agencia de origen DO-SdBNP
Lengua de catalogación spa
Centro/agencia transcriptor BNPHU
Normas de descripción rda
041 ## - CÓDIGO DE LENGUA
Código de lengua del texto/banda sonora o título independiente spa
082 #4 - NÚMERO DE LA CLASIFICACIÓN DECIMAL DEWEY
Número de clasificación 337.142
Número de documento/Ítem T775h
Número de edición 22
110 2# - ENTRADA PRINCIPAL--NOMBRE DE ENTIDAD CORPORATIVA
Nombre de entidad corporativa o nombre de jurisdicción como elemento de entrada Unión Europea
9 (RLIN) 84088
245 10 - MENCIÓN DE TÍTULO
Título Tras las huellas de la Cooperación Europea en la República Dominicana :
Resto del título 30 años de cooperación al desarrollo /
Mención de responsabilidad, etc. investigadores Taiana Mora Ramis, Iván Ogando Lora, Sandra Nogué
246 13 - FORMA VARIANTE DE TÍTULO
Título propio/Titulo breve Informe retrospectivo sobre la contribución de la cooperación bilateral
264 ## - PRODUCCIÓN, PUBLICACIÓN, DISTRIBUCIÓN, FABRICACIÓN Y COPYRIGHT
Producción, publicación, distribución, fabricación y copyright Santo Domingo, República Dominicana :
Nombre del de productor, editor, distribuidor, fabricante FLASCO,
Fecha de producción, publicación, distribución, fabricación o copyright 2020
300 ## - DESCRIPCIÓN FÍSICA
Extensión 145 páginas :
Otras características físicas ilustraciones ;
Dimensiones 29 cm.
336 ## - TIPO DE CONTENIDO
Término de tipo de contenido texto
Código de tipo de contenido txt
Fuente rdacontent
337 ## - TIPO DE MEDIO
Nombre/término del tipo de medio sin mediación
Código del tipo de medio n
Fuente rdamedia
338 ## - TIPO DE SOPORTE
Nombre/término del tipo de soporte volumen
Código del tipo de soporte nc
Fuente rdacarrier
500 ## - NOTA GENERAL
Nota general A la memoria de nuestro querido embajador Antonio Vargas Hernández, ordenador nacional de los fondos europeos para el desarrollo 2012-2020 por su incansable compromiso con el desarrollo de República Dominicana, la cooperación con la Unión Europea y cooperación regional
504 ## - NOTA DE BIBLIOGRAFÍA, ETC.
Nota de bibliografía, etc.
590 ## - NOTA LOCAL (RLIN)
Nota local Inventariado, 2021/VM
650 ## - PUNTO DE ACCESO ADICIONAL DE MATERIA--TÉRMINO DE MATERIA
Término de materia o nombre geográfico como elemento de entrada Cooperación internacional.
Subdivisión geográfica República Dominicana
Subdivisión de forma Informe
9 (RLIN) 77648
650 #4 - PUNTO DE ACCESO ADICIONAL DE MATERIA--TÉRMINO DE MATERIA
Término de materia o nombre geográfico como elemento de entrada Desarrollo regional
Subdivisión geográfica República Dominicana
9 (RLIN) 77649
651 #4 - PUNTO DE ACCESO ADICIONAL DE MATERIA--NOMBRE GEOGRÁFICO
Nombre geográfico República Dominicana
Subdivisión general Relaciones internacionales
9 (RLIN) 2624
700 1# - PUNTO DE ACCESO ADICIONAL--NOMBRE DE PERSONA
Nombre de persona Mora Ramis,Taiana
9 (RLIN) 31119
700 1# - PUNTO DE ACCESO ADICIONAL--NOMBRE DE PERSONA
Nombre de persona Ogando Lora, Iván
9 (RLIN) 77650
700 1# - PUNTO DE ACCESO ADICIONAL--NOMBRE DE PERSONA
Nombre de persona Nogué, Sandra
9 (RLIN) 77651
710 2# - PUNTO DE ACCESO ADICIONAL--NOMBRE DE ENTIDAD CORPORATIVA
Nombre de entidad corporativa o nombre de jurisdicción como elemento de entrada Facultad Latinoamericana de Ciencias Sociales (República Dominicana)
9 (RLIN) 71583
910 ## - DATOS DE OPCIÓN DEL USUARIO (OCLC)
Datos de opción del usuario VMateo
942 ## - ELEMENTOS DE PUNTO DE ACCESO ADICIONAL (KOHA)
Fuente del sistema de clasificación o colocación Dewey Decimal Classification
Tipo de ítem Koha Libro
Holdings
Estado de retiro Estado de pérdida Fuente del sistema de clasificación o colocación Restricciones de uso No para préstamo Código de colección Localización permanente Ubicación/localización actual Ubicación en estantería Fecha de adquisición Fuente de adquisición Total de préstamos Signatura topográfica completa Código de barras Fecha visto por última vez Precio válido a partir de Tipo de ítem Koha Número de copia
    Dewey Decimal Classification Excluido de préstamo   Patrimonio Dominicano Biblioteca Nacional Pedro Henríquez Ureña Biblioteca Nacional Pedro Henríquez Ureña Depósito 11.01.2021 Editora Búho   BNPHU PD 337.142 T775h 2021-0033 11.01.2021 11.01.2021 Libro  
    Dewey Decimal Classification Excluido de préstamo   Patrimonio Dominicano Biblioteca Nacional Pedro Henríquez Ureña Biblioteca Nacional Pedro Henríquez Ureña Depósito 11.01.2021 Editora Búho   BNPHU PD 337.142 T775h 2021-0034 11.01.2021 11.01.2021 Libro e.2
    Dewey Decimal Classification Préstamo en sala   Dominicana de Servicio Biblioteca Nacional Pedro Henríquez Ureña Biblioteca Nacional Pedro Henríquez Ureña Depósito 11.01.2021 Editora Búho   BNPHU DS 337.142 T775h 2021-0035 11.01.2021 11.01.2021 Libro e.3
    Dewey Decimal Classification Préstamo en sala   Dominicana de Servicio Biblioteca Nacional Pedro Henríquez Ureña Biblioteca Nacional Pedro Henríquez Ureña Depósito 11.01.2021 Editora Búho   BNPHU DS 337.142 T775h 2021-0037 11.01.2021 11.01.2021 Libro e.4
    Dewey Decimal Classification Préstamo en sala   Dominicana de Servicio Biblioteca Nacional Pedro Henríquez Ureña Biblioteca Nacional Pedro Henríquez Ureña Depósito 11.01.2021 Editora Búho   BNPHU DS 337.142 T775h 2021-0036 11.01.2021 11.01.2021 Libro e.5

Powered by Koha